LIBRARY ONLINE CATALOGUE

Chemistry : (Record no. 20370)

MARC details
000 -LEADER
fixed length control field 00438nam a22001457a 4500
008 - FIXED-LENGTH DATA ELEMENTS--GENERAL INFORMATION
fixed length control field 231027b |||||||| |||| 00| 0 eng d
020 ## - INTERNATIONAL STANDARD BOOK NUMBER
International Standard Book Number 978-013487437
050 ## - LIBRARY OF CONGRESS CALL NUMBER
Classification number QD453.3
Item number .T76 2021
100 ## - MAIN ENTRY--PERSONAL NAME
Personal name Tro, Nivaldo J.
245 ## - TITLE STATEMENT
Title Chemistry :
Remainder of title A molecular approach /by
Statement of responsibility, etc. Nivaldo J. Tro
250 ## - EDITION STATEMENT
Edition statement 5th ed.
260 ## - PUBLICATION, DISTRIBUTION, ETC. (IMPRINT)
Name of publisher, distributor, etc. Pearson
Date of publication, distribution, etc. 2021
300 ## - PHYSICAL DESCRIPTION
Extent 1207p.
Other physical details Includes index, Appendix, glossary and photo & text credits
942 ## - ADDED ENTRY ELEMENTS (KOHA)
Source of classification or shelving scheme Library of Congress Classification
Koha item type General Collection
Holdings
Withdrawn status Lost status Source of classification or shelving scheme Not for loan Home library Current library Date acquired Cost, normal purchase price Inventory number Total Checkouts Full call number Barcode Date last seen Date last checked out Copy number Price effective from Koha item type
    Library of Congress Classification   Kabarak, Main Campus Kabarak, Main Campus 27/10/2023 12397.00 0222/2023 2 QD453.3 .T76 2021 C.1 34348 14/07/2025 26/06/2025 C.1 27/10/2023 General Collection